| 000 | 00348cam a22001217a 4500 | ||
|---|---|---|---|
| 008 | 180718b1975 xxu||||| |||| 00| 0 eng d | ||
| 082 | _aT471 B651 | ||
| 100 | _aBose, Amitava | ||
| 245 |
_aInvestment-allocation at world prices _cby Amitava Bose |
||
| 260 |
_aCalcutta _bIndian Institute of Management _c1975 |
||
| 300 | _a24p. | ||
| 650 | _aInvestments | ||
| 999 |
_c476553 _d476553 |
||